[Event "División de Honor Aragonesa 2019 - Encuentros por tableros Global"]
[Site "Aragon"]
[Date "2019.02.23"]
[Round "5.11"]
[White "Quintin Navarro, Alberto"]
[Black "Ferreruela Romero, Jose Joaquin"]
[Result "1-0"]
[WhiteElo "2391"]
[BlackElo "2033"]
[PlyCount "0"]
[WhiteTeam "St. Casablanca"]
[BlackTeam "San Jose"]
[EventDate "2019.01.26"]

1. e4 e6 2. Qe2 e5 3. Nf3 Nc6 4. c3 Be7 5. g3 Nf6 6. Bg2 O-O 7. O-O Re8 8. d4
exd4 9. e5 d3 10. Qxd3 Ng4 11. Bf4 g5 12. Bxg5 Bxg5 13. Qf5 d6 14. Qxg5+ Qxg5
15. Nxg5 Rxe5 16. Nf3 Re2 17. Nbd2 Bd7 18. Rfe1 Rae8 19. Rxe2 Rxe2 20. Re1
Rxe1+ 21. Nxe1 Kg7 22. h3 Nf6 23. Nd3 Be6 24. g4 h6 25. f4 Bd7 26. Nf1 Nd8 27.
Ne3 Ne8 28. Kf2 c6 29. h4 f6 30. Be4 Nc7 31. Kg3 b6 32. h5 d5 33. Bf5 Nce6 34.
Ne1 Nb7 35. Nf3 Nd6 36. Bg6 Nc5 37. Bc2 Nce4+ 38. Kh4 a5 39. Nd4 b5 40. Bxe4
dxe4 41. b4 axb4 42. cxb4 Nc4 43. Nxc4 bxc4 44. Ne2 c5 45. bxc5 Bc6 46. Nc3 e3
47. Kg3 Kf7 48. a4 Ke6 49. a5 Bb7 50. Ne2 Kd5 51. g5 fxg5 52. fxg5 Kxc5 53.
gxh6 Be4 54. Kf4 Bh7 55. Kxe3 Kb5 56. Kd4 Kxa5 57. Kxc4 Kb6 58. Kd5 Kc7 59. Ke6
Kd8 60. Kf7 1-0

[Event "División de Honor Aragonesa 2019 - Encuentros por tableros Global"]
[Site "Aragon"]
[Date "2019.02.23"]
[Round "5.12"]
[White "Palomar Ramon, Santiago"]
[Black "Antonano Fedz-Quincoces, Avelino"]
[Result "1-0"]
[WhiteElo "1946"]
[BlackElo "2164"]
[PlyCount "0"]
[WhiteTeam "San Jose"]
[BlackTeam "St. Casablanca"]
[EventDate "2019.01.26"]

1. Nf3 c5 2. g3 g6 3. Bg2 Bg7 4. O-O Nc6 5. c4 d6 6. Nc3 h5 7. d3 Bg4 8. h3
Bxf3 9. Bxf3 Qd7 10. Bg2 h4 11. g4 f5 12. g5 e6 13. Bd2 Nge7 14. f4 O-O-O 15.
a3 Kb8 16. b4 cxb4 17. axb4 Nxb4 18. Qb3 Nbc6 19. Rfb1 Nc8 20. Ra6 Bd4+ 21. e3
Bb6 22. Ra2 Rh7 23. Na4 d5 24. c5 Ba5 25. Bxa5 Nxa5 26. Qc3 Nc6 27. d4 Qc7 28.
Nb2 N8e7 29. Nd3 Rd7 30. Qa3 Kc8 31. Bf1 Kd8 32. Ne1 Ke8 33. Nf3 a6 34. Rb6 Nc8
35. Rb3 N8a7 36. Qb2 Rh5 37. Be2 Rh8 38. Qd2 Rdh7 39. Rab2 Qc8 40. Qe1 Kf8 41.
Qb1 Na5 42. Rb6 N7c6 43. Ra2 Re7 44. Nd2 Kf7 45. Qa1 Qc7 46. Rxa5 Nxa5 47. Qxa5
Rh5 $138 1-0

[Event "División de Honor Aragonesa 2019 - Encuentros por tableros Global"]
[Site "Aragon"]
[Date "2019.02.23"]
[Round "5.14"]
[White "Dominguez Bujeda, Jesus"]
[Black "Gonzalez Gambau, Jorge"]
[Result "1/2-1/2"]
[WhiteElo "2062"]
[BlackElo "2101"]
[PlyCount "0"]
[WhiteTeam "Teruel"]
[BlackTeam "Jaque"]
[EventDate "2019.01.26"]

1. d4 d5 2. c4 c6 3. cxd5 cxd5 4. Nc3 Nf6 5. Bf4 Nc6 6. e3 e6 7. Bd3 Bd6 8.
Bxd6 Qxd6 9. f4 O-O 10. Nf3 b6 11. O-O Nb4 12. Bb1 Ba6 13. Rf2 Bb7 14. Ne5 Ne4
15. Bxe4 dxe4 16. a3 Na6 17. Nc4 Qc6 18. Nd2 f5 19. Rc1 Rac8 20. Qe2 Nb8 21. b4
Ba6 22. b5 Bxb5 23. Qe1 Bd3 24. Nb3 Qd6 25. Ra1 Rc7 26. Nc1 Ba6 27. Rb2 Rfc8
28. N1e2 Nd7 29. Qd2 Nf6 30. h3 Nd5 31. Nxd5 exd5 32. Ng3 g6 33. Kh2 Rc3 34.
Raa2 Rxa3 35. Rxa3 Qxa3 36. Ra2 Qd3 37. Qb4 Qc4 38. Qe7 Qxa2 39. Qe6+ Kg7 40.
Qe7+ Kg8 41. Qe6+ 1/2-1/2

[Event "División de Honor Aragonesa 2019 - Encuentros por tableros Global"]
[Site "Aragon"]
[Date "2019.02.23"]
[Round "5.15"]
[White "Eizaguerri Floris, Maria"]
[Black "Martin Catalan, Juan Vicente"]
[Result "1/2-1/2"]
[WhiteElo "2071"]
[BlackElo "2028"]
[PlyCount "0"]
[WhiteTeam "Jaque"]
[BlackTeam "Teruel"]
[EventDate "2019.01.26"]

1. e4 c5 2. Nf3 g6 3. d4 cxd4 4. Nxd4 Bg7 5. c4 Nc6 6. Be3 d6 7. Be2 Nf6 8. Nc3
O-O 9. O-O Nxd4 10. Bxd4 Be6 11. b3 Qa5 12. Rc1 Nd7 13. Bxg7 Kxg7 14. f4 f6 15.
Bg4 Bxg4 16. Qxg4 Qd8 17. Rcd1 Rc8 18. Nb5 Rf7 19. Nd4 Nf8 20. e5 f5 21. Qf3
Qb6 22. exd6 Rd8 23. dxe7 Rxe7 24. Qf2 Red7 25. Nxf5+ gxf5 26. Qxb6 axb6 27.
Rxd7+ Rxd7 28. Re1 Kf6 29. Re2 Ne6 30. g3 Nc5 31. Re8 Rd1+ 32. Kf2 Rd2+ 33. Ke3
Rxa2 34. b4 Ra3+ 35. Ke2 Ne6 36. Rb8 Rb3 37. Rxb7 Rxb4 38. Kd2 Rxc4 39. Rxb6
Ra4 40. Rb2 Ra3 41. Ke2 Nd4+ 42. Kf2 Rc3 43. Rb6+ Rc6 44. Rb7 h6 45. Ke3 Ne6
46. Rb2 Rc3+ 47. Kf2 Rc6 48. Ke3 Rd6 49. Rc2 Rd1 50. Kf2 Nd4 51. Rb2 Rc1 52.
Rb6+ Rc6 53. Rb7 Rc2+ 54. Ke3 Ne6 55. h4 Rc3+ 56. Kf2 Nc5 57. Rb6+ Kg7 58. Rb5
Ne4+ 59. Kg2 Rxg3+ 60. Kh2 Nd6 61. Rd5 Rg6 62. h5 Re6 63. Ra5 Kf6 64. Ra7 Re2+
65. Kh3 Re1 66. Kg2 Re7 67. Ra8 Rg7+ 68. Kh3 Rg4 69. Ra4 Ne8 70. Ra6+ Kg7 71.
Ra7+ Kg8 72. Ra8 Kf7 73. Ra7+ Ke6 74. Ra6+ Nd6 75. Ra4 Kd5 76. Ra5+ Ke4 77. Ra6
Nc4 78. Rxh6 Kxf4 79. Rg6 Ne5 80. Ra6 Kg5 81. Ra5 Nf3 82. h6 Nd4 83. Rd5 Kxh6
84. Rxf5 1/2-1/2

[Event "División de Honor Aragonesa 2019 - Encuentros por tableros Global"]
[Site "Aragon"]
[Date "2019.02.23"]
[Round "5.16"]
[White "Arpa Pardos, Emilio"]
[Black "Ereza Vizcarra, Fernando"]
[Result "0-1"]
[WhiteElo "1900"]
[BlackElo "2059"]
[PlyCount "0"]
[WhiteTeam "Teruel"]
[BlackTeam "Jaque"]
[EventDate "2019.01.26"]

1. e4 d6 2. d4 Nf6 3. Nd2 e5 4. c3 Nc6 5. Bb5 Bd7 6. Ngf3 Qe7 7. O-O g6 8. h3
Bg7 9. Re1 a6 10. Ba4 O-O 11. d5 Nd8 12. Bc2 Ne8 13. Nf1 f5 14. exf5 gxf5 15.
Ng3 f4 16. Qd3 Bh6 17. Re2 Qf7 18. Nh4 Bg5 19. Nhf5 fxg3 20. Nh6+ Bxh6 21. Bxh6
Bf5 22. Qxg3+ Qg6 23. Bxf8 Bxc2 24. Rxc2 Qxg3 25. fxg3 Kxf8 26. Rf1+ Ke7 27.
Rcf2 c6 28. dxc6 bxc6 29. Rf8 a5 30. g4 a4 31. Rh8 Ne6 32. Rxh7+ N8g7 33. g5
Rg8 34. g6 Nf4 35. Rh4 Nf5 36. Rh7+ Ke6 37. g3 Ne2+ 38. Kh2 Nexg3 39. Rf3 Rxg6
40. Ra7 e4 41. Rf4 e3 42. Rg4 Rxg4 43. hxg4 e2 44. gxf5+ Nxf5 45. Ra8 e1=Q 0-1

[Event "División de Honor Aragonesa 2019 - Encuentros por tableros Global"]
[Site "Aragon"]
[Date "2019.02.23"]
[Round "5.17"]
[White "Abril Avellanas, Eduardo"]
[Black "Del Rey, Diego"]
[Result "0-1"]
[WhiteElo "2160"]
[BlackElo "2356"]
[PlyCount "0"]
[WhiteTeam "Atletismo Huesca"]
[BlackTeam "El Olivar"]
[EventDate "2019.01.26"]

1. d4 d6 2. c4 e5 3. Nf3 e4 4. Ng5 f5 5. g3 Be7 6. Nh3 Nf6 7. Bg2 c5 8. d5 Na6
9. Nc3 Nc7 10. O-O O-O 11. f3 exf3 12. exf3 Nd7 13. f4 Bf6 14. Qd3 b5 15. Nxb5
Nxb5 16. cxb5 a6 17. b6 Qxb6 18. Kh1 Qb5 19. Qd1 h6 20. a4 Qb4 21. a5 c4 22.
Ra4 Qb5 23. Qc2 Bb7 24. Qxc4 Rfc8 25. Qxb5 axb5 26. Ra3 b4 27. Ra4 Ba6 28. Rd1
Nc5 29. Ra1 Nb3 30. Rb1 Be2 0-1

[Event "División de Honor Aragonesa 2019 - Encuentros por tableros Global"]
[Site "Aragon"]
[Date "2019.02.23"]
[Round "5.18"]
[White "Villuendas Valero, Adrian"]
[Black "Salamero Pelay, Fernando"]
[Result "1-0"]
[WhiteElo "2249"]
[BlackElo "2099"]
[PlyCount "0"]
[WhiteTeam "El Olivar"]
[BlackTeam "Atletismo Huesca"]
[EventDate "2019.01.26"]

1. d4 Nf6 2. c4 g6 3. Nc3 Bg7 4. e4 d6 5. Nf3 O-O 6. Be2 e5 7. d5 Na6 8. Bg5
Qe8 9. Nd2 h6 10. Be3 Bd7 11. g4 c6 12. h4 cxd5 13. cxd5 Nxg4 14. Bxg4 Bxg4 15.
Qxg4 f5 16. exf5 gxf5 17. Qg2 f4 18. Nde4 fxe3 19. fxe3 Nc5 20. Nxc5 dxc5 21.
O-O-O e4 22. Rhg1 Qe5 23. d6 Rf7 24. Rd5 Qe6 25. Qxe4 Qh3 26. Rxc5 Raf8 27. Rd1
b5 28. Nd5 Qh2 29. Rc2 Qxd6 30. Nf4 Bxb2+ 31. Rxb2 Rc8+ 32. Rc2 Qa3+ 33. Kb1
1-0

[Event "División de Honor Aragonesa 2019 - Encuentros por tableros Global"]
[Site "Aragon"]
[Date "2019.02.23"]
[Round "5.19"]
[White "Gella Lopez, Angel"]
[Black "Hernando Garcia, Antonio"]
[Result "1/2-1/2"]
[WhiteElo "2100"]
[BlackElo "2139"]
[PlyCount "0"]
[WhiteTeam "Atletismo Huesca"]
[BlackTeam "El Olivar"]
[EventDate "2019.01.26"]

1. e4 d5 2. exd5 Qxd5 3. Nc3 Qd8 4. d4 c6 5. Nf3 Bg4 6. Be2 Bxf3 7. Bxf3 e6 8.
O-O Nf6 9. Re1 Be7 10. Qd3 Nbd7 11. Bf4 O-O 12. Rad1 Rc8 13. Ne4 Nxe4 14. Qxe4
Re8 15. c4 Nf6 16. Qb1 h6 17. b4 Bd6 18. Be5 b5 19. cxb5 cxb5 20. a3 Nd5 21.
Bxd5 exd5 22. Qf5 f6 23. Bxd6 Qxd6 24. Qg6 Qd7 25. h4 Kf8 26. g4 Rxe1+ 27. Rxe1
Rc4 28. Rd1 Qe6 29. Kg2 Qe4+ 30. Qxe4 dxe4 31. Kg3 Rc3+ 32. Kf4 Ke7 33. Kxe4
Rxa3 34. Kd5 Kd7 35. Rd2 a6 36. h5 Rc3 37. Ra2 Rc6 38. Re2 Rd6+ 39. Kc5 Rc6+
40. Kd5 Rd6+ 41. Kc5 Rc6+ 42. Kd5 1/2-1/2

[Event "División de Honor Aragonesa 2019 - Encuentros por tableros Global"]
[Site "Aragon"]
[Date "2019.02.23"]
[Round "5.20"]
[White "Veras Sanz, Marino"]
[Black "Bellosta Lopez, Pablo"]
[Result "1-0"]
[WhiteElo "2084"]
[BlackElo "2051"]
[PlyCount "0"]
[WhiteTeam "El Olivar"]
[BlackTeam "Atletismo Huesca"]
[EventDate "2019.01.26"]

1. Nf3 Nf6 2. g3 g6 3. Bg2 Bg7 4. O-O O-O 5. d4 d6 6. c4 Nbd7 7. Nc3 e5 8. h3
Re8 9. e4 exd4 10. Nxd4 a6 11. Re1 Rb8 12. b3 c5 13. Nc2 Nxe4 14. Nxe4 Bxa1 15.
Nxa1 b5 16. Bg5 Qa5 17. Re2 d5 18. Qxd5 Rb6 19. Bh6 Rbe6 20. Ng5 Nf6 21. Qf3
Qd8 22. Nxe6 Qd1+ 23. Kh2 Rxe6 24. Qxf6 1-0

[Event "División de Honor Aragonesa 2019 - Encuentros por tableros Global"]
[Site "Aragon"]
[Date "2019.02.23"]
[Round "5.21"]
[White "Baron Rodriguez, Jesus"]
[Black "Cid Royo, Jonathan"]
[Result "1-0"]
[WhiteElo "2416"]
[BlackElo "2205"]
[PlyCount "0"]
[WhiteTeam "Ibercaja"]
[BlackTeam "L'Aurora Estadilla"]
[EventDate "2019.01.26"]

1. e4 c5 2. Nf3 d6 3. d4 cxd4 4. Nxd4 Nf6 5. Nc3 a6 6. Bg5 e6 7. f4 h6 8. Bxf6
Qxf6 9. Qd2 b5 10. O-O-O Bb7 11. Bxb5+ axb5 12. Ndxb5 Qd8 13. Nxd6+ Bxd6 14.
Qxd6 Qxd6 15. Rxd6 Ke7 16. Rhd1 Rc8 17. Rb6 Bc6 18. b3 Nd7 19. Rb4 Nf6 20. a4
Ra7 21. Rc4 Rac7 22. Rdd4 Ba8 23. Rxc7+ Rxc7 24. Kd2 Rd7 25. Kd3 e5 26. fxe5
Ng4 27. Nd5+ Bxd5 28. Rxd5 Nxe5+ 29. Kd4 f6 30. Rxd7+ Kxd7 31. b4 Nc6+ 32. Kc5
Kc7 33. a5 1-0

[Event "División de Honor Aragonesa 2019 - Encuentros por tableros Global"]
[Site "Aragon"]
[Date "2019.02.23"]
[Round "5.22"]
[White "Cid Royo, Oscar"]
[Black "Lopez Gracia, Fernando"]
[Result "1/2-1/2"]
[WhiteElo "2042"]
[BlackElo "2293"]
[PlyCount "0"]
[WhiteTeam "L'Aurora Estadilla"]
[BlackTeam "Ibercaja"]
[EventDate "2019.01.26"]

1. d4 d5 2. Nf3 e6 3. g3 Nf6 4. Bg2 c5 5. O-O Nc6 6. b3 Be7 7. Bb2 O-O 8. Nbd2
b6 9. c4 Bb7 10. Rc1 Rc8 11. dxc5 Bxc5 12. cxd5 Nxd5 13. Ne4 Be7 14. Nd4 Qd7
15. Nxc6 Bxc6 16. Qd4 f6 17. Rfd1 Rfd8 18. a3 Qb7 19. Ng5 e5 20. Qg4 fxg5 21.
Qe6+ Kf8 22. Bxe5 Bxa3 23. Rxd5 Bxd5 24. Qf5+ Kg8 25. Bxd5+ Qxd5 26. Rxc8 Rxc8
27. Qxc8+ Kf7 1/2-1/2

[Event "División de Honor Aragonesa 2019 - Encuentros por tableros Global"]
[Site "Aragon"]
[Date "2019.02.23"]
[Round "5.23"]
[White "Palacios Latasa, Elias"]
[Black "Felez Casedas, Carlos"]
[Result "0-1"]
[WhiteElo "2216"]
[BlackElo "1940"]
[PlyCount "0"]
[WhiteTeam "Ibercaja"]
[BlackTeam "L'Aurora Estadilla"]
[EventDate "2019.01.26"]

1. e4 e5 2. Bc4 Nf6 3. d3 d6 4. Nc3 Be7 5. f4 O-O 6. Nf3 exf4 7. Bxf4 Be6 8.
O-O d5 9. exd5 Nxd5 10. Nxd5 Bxd5 11. Bxd5 Qxd5 12. d4 c5 13. Qe2 Nc6 14. c4
Qe6 15. Qxe6 fxe6 16. Be3 cxd4 17. Nxd4 Bc5 18. Nc2 Bxe3+ 19. Nxe3 Rad8 20.
Rad1 Rxf1+ 21. Kxf1 Rxd1+ 22. Nxd1 Kf7 23. Ke2 Kf6 24. Ke3 Ke5 25. Nf2 a5 26.
Nd3+ Kd6 27. Ke4 Nb4 28. a3 Nxd3 29. Kxd3 a4 30. Ke4 Kc5 31. Ke5 Kxc4 32. Kxe6
Kb3 33. Kf7 Kxb2 34. Kxg7 Kxa3 35. Kxh7 Kb4 36. g4 a3 37. g5 a2 38. g6 a1=Q 39.
g7 Qh1 0-1

[Event "División de Honor Aragonesa 2019 - Encuentros por tableros Global"]
[Site "Aragon"]
[Date "2019.02.23"]
[Round "5.24"]
[White "Pellicer Cemeli, Jose Luis"]
[Black "Villalba Embid, Marcos"]
[Result "0-1"]
[WhiteElo "1941"]
[BlackElo "2020"]
[PlyCount "0"]
[WhiteTeam "L'Aurora Estadilla"]
[BlackTeam "Ibercaja"]
[EventDate "2019.01.26"]

1. Nf3 d6 2. d4 Nf6 3. g3 g6 4. Bg2 Bg7 5. O-O O-O 6. c3 Nbd7 7. Nbd2 e5 8.
dxe5 dxe5 9. Qc2 Qe7 10. Ng5 h6 11. Nge4 Ne8 12. c4 f5 13. Nc3 c6 14. b3 e4 15.
f3 Bd4+ 16. Kh1 e3 17. Ndb1 Qg7 18. Rd1 c5 19. Rd3 Ne5 20. Rxe3 f4 21. Re4 fxg3
22. e3 Bxc3 23. Qxc3 Nc6 24. hxg3 Qxc3 25. Nxc3 g5 26. Nd5 Nd6 27. f4 Nxe4 28.
Bxe4 Bf5 29. Bg2 Rae8 30. Ba3 b6 31. Nc7 Rc8 32. Nd5 Be6 33. fxg5 hxg5 34. Rf1
Rxf1+ 35. Bxf1 Rf8 36. Kg2 Bh3+ 37. Kxh3 Rxf1 38. Kg4 Ne5+ 39. Kxg5 Nd3 40. Nf4
Nxf4 41. exf4 Rf2 42. f5 Rxa2 43. Bc1 Kf7 44. Kf4 Rc2 45. Be3 Rc3 46. g4 Rxb3
47. g5 Rc3 48. Bd2 Rxc4+ 49. Ke5 Rc2 50. g6+ Kg7 51. Bg5 Re2+ 52. Kd6 c4 53.
Bf4 c3 0-1

[Event "División de Honor Aragonesa 2019 - Encuentros por tableros Global"]
[Site "Aragon"]
[Date "2019.02.23"]
[Round "5.25"]
[White "Sacristan Latorre, Alberto"]
[Black "Colas Longares, Rafael P."]
[Result "0-1"]
[WhiteElo "2080"]
[BlackElo "2337"]
[PlyCount "0"]
[WhiteTeam "Palacio de Pioneros B"]
[BlackTeam "Enroque"]
[EventDate "2019.01.26"]

1. c4 g6 2. Nc3 Bg7 3. e4 d6 4. g3 Nf6 5. Bg2 O-O 6. Nge2 c5 7. O-O Nc6 8. Rb1
Ne8 9. d3 Nc7 10. Nd5 Ne6 11. b4 Ned4 12. Bg5 h6 13. Nxd4 hxg5 14. Nxc6 bxc6
15. Ne3 Rb8 16. Qa4 cxb4 17. Qxc6 a5 18. c5 Bd7 19. Qa6 dxc5 20. Rfd1 Ba4 21.
Rdc1 Bb5 22. Qa7 Bd4 23. Nc4 a4 24. Bf1 a3 25. Qa5 Bxc4 26. Qxd8 Rfxd8 27. dxc4
Bb2 28. Rc2 Rd4 29. f3 Rbd8 30. Be2 Rd2 31. Rxd2 Rxd2 32. Bd1 Bd4+ 0-1

[Event "División de Honor Aragonesa 2019 - Encuentros por tableros Global"]
[Site "Aragon"]
[Date "2019.02.23"]
[Round "5.26"]
[White "Escuer Sanchez, Nestor"]
[Black "Castillo Sanjuan, Alejandro"]
[Result "1-0"]
[WhiteElo "2070"]
[BlackElo "2079"]
[PlyCount "0"]
[WhiteTeam "Enroque"]
[BlackTeam "Palacio de Pioneros B"]
[EventDate "2019.01.26"]

1. d4 Nf6 2. Nf3 g6 3. Nbd2 Bg7 4. e4 d6 5. Bb5+ c6 6. Bd3 O-O 7. O-O Qc7 8.
Re1 e5 9. c3 h6 10. h3 Be6 11. Nf1 Nbd7 12. Bd2 Rad8 13. Ng3 Kh7 14. Qc1 Rfe8
15. Bc2 b5 16. a4 bxa4 17. dxe5 dxe5 18. Be3 Nb6 19. Bxa4 Nfd7 20. Bc2 c5 21.
b3 Rb8 22. Qa3 Rb7 23. h4 Reb8 24. h5 Nc8 25. c4 Ne7 26. Ne2 Bf8 27. Nc3 Nc6
28. Reb1 Nd4 29. Bd1 Qd8 30. hxg6+ fxg6 31. Nd5 Bxd5 32. exd5 Bg7 33. Nd2 Qb6
34. Qa6 Nf6 35. Qxb6 axb6 36. b4 Bf8 37. b5 Nf5 38. Ra6 h5 39. Bg5 Bg7 40. Rba1
Nd6 41. Bc2 Re8 42. Ra7 Ree7 43. Ra8 Re8 44. R8a7 Ree7 45. Rxb7 Rxb7 46. Ra6
Nf5 47. Ne4 Nxe4 48. Bxe4 Nd6 49. Bd3 e4 50. Bf1 Bd4 51. Bf4 Nf5 52. g3 Kg7 53.
Bh3 e3 54. fxe3 Nxe3 55. Bxe3 Bxe3+ 56. Kf1 Bg5 57. Ra8 Be7 58. Bc8 Rc7 59. Kg2
Kf6 60. Rb8 Kg7 61. Ba6 Bd6 62. Rxb6 Rd7 63. Rc6 Kf6 64. Bc8 Rd8 65. b6 Kg5 66.
b7 Bb8 67. Rxc5 Kf6 68. Rc6+ Rd6 69. Rxd6+ Bxd6 70. c5 Bb8 71. d6 g5 72. Kf3
Kf7 73. Ke4 Kf6 74. Kd5 Kf7 75. c6 1-0

[Event "División de Honor Aragonesa 2019 - Encuentros por tableros Global"]
[Site "Aragon"]
[Date "2019.02.23"]
[Round "5.27"]
[White "Colom Sienes, Eduardo"]
[Black "Sig Vargas, Pablo"]
[Result "1-0"]
[WhiteElo "2047"]
[BlackElo "1900"]
[PlyCount "0"]
[WhiteTeam "Palacio de Pioneros B"]
[BlackTeam "Enroque"]
[EventDate "2019.01.26"]

1. e4 e5 2. Bc4 Nf6 3. d3 Nc6 4. Nc3 Na5 5. Nf3 Nxc4 6. dxc4 d6 7. h3 Be7 8.
Be3 Be6 9. Qd3 O-O 10. Rd1 c6 11. g4 Qc7 12. Qe2 Rfd8 13. O-O d5 14. exd5 cxd5
15. g5 Bxh3 16. gxf6 Qc8 17. Nxe5 Bxf6 18. Nxd5 Bxf1 19. Qxf1 Qf5 20. Nxf6+
Qxf6 21. Rxd8+ Rxd8 22. Nd3 Qf3 23. Kh2 Rd6 24. Qh3 Qc6 25. Ne5 Qc7 26. Qg3 Re6
27. Nd3 Qc8 28. c5 Rg6 29. Qe5 Re6 30. Qd5 Qb8+ 31. Kh1 Qc8 32. Ne5 Qe8 33. Nd3
Qc8 34. b4 Rg6 35. Qf3 Qd8 36. Qh5 Qe8 37. Qd5 Qc8 38. Kh2 h6 39. Ne5 Rf6 40.
Qd7 Qb8 41. f4 g5 42. Qe7 Kg7 43. Qxf6+ Kxf6 44. Nd7+ Kf5 45. Nxb8 g4 46. c6
bxc6 47. Nxc6 Ke4 48. Bf2 a6 49. Nb8 1-0

[Event "División de Honor Aragonesa 2019 - Encuentros por tableros Global"]
[Site "Aragon"]
[Date "2019.02.23"]
[Round "5.28"]
[White "Avellanas Pau, Miguel Angel"]
[Black "Gomez Salinas, Nestor"]
[Result "0-1"]
[WhiteElo "1845"]
[BlackElo "1999"]
[PlyCount "0"]
[WhiteTeam "Enroque"]
[BlackTeam "Palacio de Pioneros B"]
[EventDate "2019.01.26"]

1. e4 e6 2. d4 c5 3. Nf3 cxd4 4. Nxd4 a6 5. c4 Nc6 6. Nc3 Qc7 7. Be3 Nf6 8. Rc1
Ne5 9. Be2 Bb4 10. Qa4 Bxc3+ 11. bxc3 Nxe4 12. Nb5 Qc6 13. Qa5 b6 14. Nc7+ Qxc7
15. Bxb6 Qb8 16. c5 Nc6 17. Qa4 Qe5 18. Qb3 Rb8 19. Qa3 d5 20. O-O O-O 21. Qa4
Nxc3 22. Qxc6 Bb7 23. Qd7 Nxe2+ 24. Kh1 Nxc1 25. Bc7 Qe2 26. Rxc1 Qb5 27. Qd6
Rbc8 28. Bb6 Rc6 29. Qd7 Qxb6 0-1

[Event "División de Honor Aragonesa 2019 - Encuentros por tableros Global"]
[Site "Aragon"]
[Date "2019.02.23"]
[Round "5.29"]
[White "Romero Pallares, Daniel"]
[Black "Llanes Luno, Ricardo"]
[Result "1-0"]
[WhiteElo "2190"]
[BlackElo "2201"]
[PlyCount "0"]
[WhiteTeam "Palacio de Pioneros A"]
[BlackTeam "Delicias"]
[EventDate "2019.01.26"]

1. Nf3 Nf6 2. c4 c6 3. d4 d5 4. e3 Bf5 5. Nc3 e6 6. Nh4 Bg6 7. Be2 Nbd7 8. O-O
Ne4 9. g3 Be7 10. Nxg6 hxg6 11. Bd3 Nxc3 12. bxc3 dxc4 13. Bxc4 Qa5 14. Bd2 Qf5
15. f3 O-O-O 16. Rf2 Bd6 17. Be2 g5 18. Rb1 Rh6 19. e4 Qh7 20. e5 Rh8 21. h4
gxh4 22. g4 Bc7 23. Qb3 Bb6 24. a4 a5 25. c4 Bxd4 26. Qxb7+ Kd8 27. Bxa5+ Ke7
28. Rd1 Rb8 29. Qxc6 Bxf2+ 30. Kxf2 Kf8 31. Qxd7 Qc2 32. Qd6+ Kg8 33. Qxb8+ Kh7
34. Qb1 1-0

[Event "División de Honor Aragonesa 2019 - Encuentros por tableros Global"]
[Site "Aragon"]
[Date "2019.02.23"]
[Round "5.30"]
[White "Lamas Mercadal, Manuel"]
[Black "Palacios Herrero, Pablo"]
[Result "1/2-1/2"]
[WhiteElo "2176"]
[BlackElo "2173"]
[PlyCount "0"]
[WhiteTeam "Delicias"]
[BlackTeam "Palacio de Pioneros A"]
[EventDate "2019.01.26"]

1. Nf3 d5 2. g3 Nf6 3. Bg2 e6 4. O-O Be7 5. d3 O-O 6. Nbd2 c5 7. e4 Nc6 8. e5
Nd7 9. Re1 b5 10. Nf1 Qc7 11. Bf4 Bb7 12. h4 Rfc8 13. h5 h6 14. Ne3 Qd8 15. c4
bxc4 16. dxc4 Nb6 17. Rc1 dxc4 18. Nxc4 Nxc4 19. Rxc4 Nd4 20. Rc3 Nxf3+ 21.
Bxf3 Bxf3 22. Qxf3 Rab8 23. Rd1 Qe8 24. b3 Rb4 25. Rc4 Rxc4 26. bxc4 Qa4 27.
Qb3 Qc6 28. Qa3 Rc7 29. Qd3 Rb7 30. Rb1 Rd7 31. Rb8+ Bf8 32. Qe2 Rb7 33. Rxb7
Qxb7 34. Qd3 Be7 35. f3 Bg5 36. Bxg5 hxg5 37. Kf2 Qb2+ 38. Qe2 Qd4+ 39. Kg2 Qc3
40. g4 a5 41. Kh3 a4 42. Qe4 Qa5 43. Qc6 Qe1 44. Qxc5 Qh1+ 45. Kg3 Qe1+ 46. Kg2
Qe2+ 47. Kg3 Qe1+ 48. Kg2 1/2-1/2

[Event "División de Honor Aragonesa 2019 - Encuentros por tableros Global"]
[Site "Aragon"]
[Date "2019.02.23"]
[Round "5.31"]
[White "Baquedano Coarasa, Pablo"]
[Black "Roche Simon, Manuel Angel"]
[Result "1/2-1/2"]
[WhiteElo "2169"]
[BlackElo "2129"]
[PlyCount "0"]
[WhiteTeam "Palacio de Pioneros A"]
[BlackTeam "Delicias"]
[EventDate "2019.01.26"]

1. d4 Nf6 2. Bf4 d5 3. e3 c5 4. c3 Nc6 5. Nd2 e6 6. Ngf3 Bd6 7. Bg3 O-O 8. Bb5
Bxg3 9. hxg3 Qb6 10. a4 Bd7 11. Qc2 cxd4 12. exd4 Rac8 13. Bd3 h6 14. Qb3 Qc7
15. O-O Ng4 16. Rfe1 f5 17. Nf1 Rf6 18. N3h2 h5 19. Qd1 Rh6 20. f4 Nxh2 21.
Nxh2 h4 22. Qf3 hxg3 23. Qxg3 Kf7 24. Nf3 Rch8 25. Kf2 Kg8 26. Re2 Ne7 27. Ne5
Be8 28. Qe3 Rh2 29. Nf3 R2h6 30. Ng5 Bd7 31. Bb5 Bc8 32. Rf1 a6 33. Be8 Rf6 34.
a5 Kf8 35. Qe5 Qd8 36. Ba4 Qxa5 37. Bc2 Qd8 38. Rfe1 Rhh6 39. b4 Nc6 40. Qe3
Qd6 41. Ba4 b5 42. Bb3 a5 43. bxa5 Nxa5 44. Ba2 Bd7 45. Rb1 Rh4 46. Kf3 Rfh6
47. Qe5 Qxe5 48. Rxe5 Nc6 49. Re3 Nd8 50. Bb3 Rh1 51. Ree1 Rxe1 52. Rxe1 Nf7
53. Nxf7 Kxf7 54. Ra1 Rh8 55. Ra3 Ke7 56. Bd1 Rc8 57. Be2 Kf6 58. Ke3 g5 59. g3
gxf4+ 60. gxf4 Rh8 61. Rb3 Rb8 62. Rb1 Ke7 63. Ra1 b4 64. cxb4 Rxb4 65. Ra7 Kd6
66. Bd3 Rb2 67. Ra6+ Bc6 68. Be2 Kc7 69. Ra7+ Kd6 70. Ra6 Rb3+ 71. Kd2 Kc7 72.
Ra7+ Bb7 73. Ra2 Rh3 74. Ra4 Bc6 75. Ra7+ Kd6 76. Ra6 Rb3 77. Kc2 Rb4 78. Kc3
Rb7 79. Kd2 Kd7 80. Bd3 Bb5 81. Bxb5+ Rxb5 82. Ke2 Rb3 83. Ra7+ Kd6 84. Ra6+
Ke7 85. Ra7+ Kf6 86. Ra6 Rb8 87. Ke3 Rb7 88. Rc6 Ke7 89. Ra6 Kd7 90. Ke2 Rb3
91. Ra7+ Kc6 92. Re7 Kb5 93. Rxe6 Kc4 94. Re5 Kxd4 95. Rxf5 Kc4 96. Rf8 Rb2+
97. Ke3 d4+ 98. Ke4 Re2+ 99. Kf5 d3 100. Rd8 d2 101. Kg6 Kc3 102. f5 Re3 103.
f6 Rd3 104. Rxd3+ Kxd3 105. f7 d1=Q 106. f8=Q 1/2-1/2

[Event "División de Honor Aragonesa 2019 - Encuentros por tableros Global"]
[Site "Aragon"]
[Date "2019.02.23"]
[Round "5.32"]
[White "Llanes Luno, Pedro Alfredo"]
[Black "Dan, Teodor"]
[Result "0-1"]
[WhiteElo "2011"]
[BlackElo "2064"]
[PlyCount "0"]
[WhiteTeam "Delicias"]
[BlackTeam "Palacio de Pioneros A"]
[EventDate "2019.01.26"]

1. e4 g6 2. d4 Bg7 3. Nc3 d6 4. Bg5 c6 5. Qd2 Nd7 6. f4 b5 7. Nf3 b4 8. Nd1 Qb6
9. Ne3 Rb8 10. e5 f6 11. Nc4 Qc7 12. exd6 exd6 13. Qe3+ Kf7 14. O-O-O Nb6 15.
Nxb6 axb6 16. Bh4 Ra8 17. Bc4+ d5 18. Bb3 Ne7 19. Be1 Qd6 20. Rf1 Re8 21. Qd2
Nf5 22. Bf2 Bh6 23. g3 Bb7 24. Kb1 Red8 25. Rfe1 Ne7 26. c4 bxc3 27. Qxc3 Rac8
28. h4 Bg7 29. h5 Qd7 30. Bc2 Rg8 31. Rh1 Rce8 32. Rdf1 Ba6 33. Rc1 Nc8 34. Bd3
Bxd3+ 35. Qxd3 Nd6 36. hxg6+ hxg6 37. Nh4 Ne4 38. Be1 Rh8 39. Rh2 f5 40. Rhc2
c5 41. Nf3 c4 42. Qf1 Ra8 43. b3 b5 44. Ng5+ Kf6 45. Nxe4+ fxe4 46. Bb4 Ra7 47.
f5 g5 48. Qg1 Kf7 49. Qe3 Bf6 50. Bc5 Raa8 51. g4 Rh4 52. Qg3 Rah8 53. bxc4
bxc4 54. Rb2 Rh3 55. Qe1 Rc8 56. Qa5 Rhh8 57. Qa6 Rxc5 58. Rb6 Bxd4 59. Rb7 Rc7
60. Qg6+ Kf8 61. Rb8+ Rc8 62. Rxc8+ Qxc8 63. Qd6+ Ke8 64. Qg6+ Kd7 65. Qf7+ Kc6
66. Qg6+ Kc5 0-1